| 000 | 01272cam a2200349 i 4500 | ||
|---|---|---|---|
| 001 | 13726256 | ||
| 003 | EG-ScBUE | ||
| 005 | 20241030102719.0 | ||
| 008 | 040921t2001 au a f b 001 0 eng d | ||
| 020 | _a9780538735643 | ||
| 020 | _a0538735643 | ||
| 040 |
_aDLC _beng _erda _cDLC _dDLC _dEG-ScBUE |
||
| 082 | 0 | 4 |
_222 _a518 _bBUR |
| 100 | 1 |
_aBurden, Richard L., _eauthor. _922663 |
|
| 245 | 1 | 0 |
_aNumerical Analysis / _cRichard L. Burden, Youngstown State University, J. Douglas Faires, Youngstown State University. |
| 250 | _aNinth edition. | ||
| 250 | _aInternational edition. | ||
| 264 | 1 |
_aNew Zealand : _bThomson Brooks/Cole, _c[2011] |
|
| 264 | 4 | _cc2011 | |
| 300 |
_axiv, 872 pages : _billustrations (some color) ; _c25 cm |
||
| 336 |
_2rdacontent _atext _btxt |
||
| 337 |
_aunmediated _2rdamedia _bn |
||
| 338 |
_avolume _bnc _2rdacarrier |
||
| 504 | _aIncludes bibliographical references and index. | ||
| 650 | 7 |
_aNumerical analysis. _2BUEsh _922664 |
|
| 655 | _vReading book | ||
| 700 | 1 |
_aFaires, J. Douglas. _eauthor. _922665 |
|
| 856 | 4 | 1 |
_3Table of contents _uhttp://www.loc.gov/catdir/toc/fy0605/2004113929.html |
| 942 |
_2ddc _cBB |
||
| 999 |
_c15034 _d15034 |
||